| 000 | 00703nam a22002051a 4500 | ||
|---|---|---|---|
| 005 | 20110718133134.0 | ||
| 008 | 091005s1995 001 0 eng d | ||
| 020 |
_a9966405275 : _c0.00 |
||
| 040 | _aNEGST Library - Kenya | ||
| 050 | 4 | _aBS 325.S26 1995 | |
| 082 | 0 | _aBS 325.S26 1995 | |
| 100 | 1 | _aAlliance Biblique du Burkina Faso. | |
| 245 | 1 | 0 | _aBoo tii koon : woa denaa Yezu Krita a ki. |
| 260 |
_aOuagadougou : _bAlliance Biblique du Bur, _c1995. |
||
| 300 | _avi, 613 p. : ill. | ||
| 500 | _a"Le Nouveau Testament en san (samo)." - T.p. verso. [Africana] | ||
| 600 | 1 | 0 | _aBible. N.T. Samo. 1995. |
| 600 | 1 | 0 | _aSamo language - Texts. |
| 852 | _94.00 | ||
| 999 |
_c39986 _d39986 |
||